000 00481nam a2200169Ia 4500
003 GCL
008 140319s9999 xx 000 0 ara d
040 _aGCL /
_cGCL
082 0 4 _a219.3
_bأ ى
100 1 _aانور الجندى
245 1 0 _aاليقظة الاسلامية فى مواجهة التعزيب /
_cانور الجندى
260 _a[S.N] :
_bدار الاعتصام ،
_c1991
300 _a383 ص
490 _a
650 0 4 _aالاسلام
942 _2ddc
_cBK
999 _c31882
_d31882